Artificial Intelligence: A Modern Approach

Kaydedildi:
Detaylı Bibliyografya
Yazar: Stuart Russell
Materyal Türü: Kitap
Baskı/Yayın Bilgisi: pearson
Konular:
AI
Etiketler: Etiketle
Etiket eklenmemiş, İlk siz ekleyin!

MARC

LEADER 00000nam a2200000Ia 4500
005 20260427112727.0
526 |b Data Science 
100 |a Stuart Russell 
020 |a 9789356063570 
650 |a AI 
526 |a Bachelors 
942 |c BK 
245 |a Artificial Intelligence: A Modern Approach 
260 |b pearson 
999 |c 121  |d 121 
952 |0 0  |1 0  |4 0  |7 0  |8 2  |a BRISTOL  |b BRISTOL  |d 2026-04-22  |l 0  |p 000052  |r 2026-04-27 11:27:27  |w 2026-04-27  |y BK